Olympic Sports By Letter A-z - Statistics

General Stats
  • This quiz has been taken 28 times
  • The average score is 11 of 22
Answer Stats
Hint Answer % Correct
B Basketball
85%
S Swimming
77%
D Diving
73%
E Equestrian
69%
T Tennis
69%
F Football
65%
G Gymnastics
65%
J Judo
65%
A Archery
62%
M Marathon
62%
W Wrestling
62%
C Cycling
58%
I Ice Hockey
58%
V Volleyball
58%
K Karate
50%
L Luge
38%
H Handball
35%
R Rugby
31%
N Nordic Combined
8%
P Pentathalon
4%
Y Yatching
4%
O Omnium
0%
No matching quizzes found
Score Distribution
Percent of People with Each Score
Percentile by Number Answered
Your Score History
You have not taken this quiz